000 00557cas a22002055a 4500
001 L131026
008 050921d18871996nz fr p 0 a0eng u
022 1 _a0048-0150
035 _a(Sirsi) u131026
041 0 _aeng
110 2 _aNew Zealand Institute of Surveyors
_9602
245 0 0 _aNew Zealand Surveyor
260 _aWellington
_bNZIS
_c[1887]-1996
362 _a21 1954-(286) April 1996
554 _aTwo per year
651 4 _aNew Zealand
690 _aENVIRONMENTAL AND LAND CONSULTANCY
785 0 0 _tSurvey Quarterly
_x11735651
942 _n0
999 _c118847
_d118847